000 00804nam a22002777a 4500
001 BR8905556
003 BR-BrBNA
005 20230928093334.0
007 ta
008 230509b bl.||||| |||| 00| 0 por d
040 _aBR-BrBNA
_bpor
_cBiblioteca Nacional de Agricultura
041 _a(Por)
072 _aF04; P33; F61
_b3866
_b/G514
090 _ 3866 BR8905556
110 1 _aCentro Nacional de Pesquisa de Soja, Londrina, PR (Brasil)
_91793
245 1 _aAnais do simposio: Enxofre e micronutrientes na agricultura brasileira
260 3 _aLondrina, PR (Brasil):
_c1988.
300 _a317 p.
650 _aMICROELEMENTO
650 _aENXOFRE
650 _aNUTRICAO VEGETAL
650 _aFERTILIZANTE
650 _aQUIMICA DO SOLO
909 _a202309
_bLucia
_c55
_dLucia Elande
942 _cBK
999 _c44410
_d44410